000 00291nam a22001337a 4500
008 190225b xxu||||| |||| 00| 0 eng d
020 _a0899461670
041 _aeng
080 _a338
100 _a52
101 _aMNG
245 _aDoing Ethics in Business
_cJones, D.G
942 _2udc
_cBK
999 _c54178
_d54178